| 000 | 00575nam a2200181Ia 4500 | ||
|---|---|---|---|
| 999 |
_c22540 _d22540 |
||
| 082 | _aTR.0279 | ||
| 100 | _aRathod, C.S. | ||
| 245 | 0 | _aTeaching strategy for developing appropriate skills required in students for conducting scientific investigations | |
| 260 |
_c1978 _bM.S. University of Baroda |
||
| 300 | _a243p. + C D - 31 | ||
| 650 | _aLearning ability | ||
| 650 |
_aHigh school students _vAttitudes |
||
| 650 |
_aScience _vStudy and teaching (Secondary) |
||
| 650 | _aInvestigations | ||
| 650 | _aEducation, Secondary | ||
| 710 | _aShah, M.M. | ||
| 942 |
_cTH _2ddc |
||